Quizzes
Events
Quiz Creation
Community
Videos
Private Events
Remove Ads
Sign In
Join for FREE
Feedback
Dark Mode
Quiz Categories
Sports
Geography
Music
Movies
Television
Just For Fun
Miscellaneous
History
Literature
Language
Science
Gaming
Entertainment
Religion
Holiday
For Kids
Quiz Lab
Recent
Popular Today
Quiz Kudos Today
Editor Picks
Curator Picks
Quizzes by...
Day
Popularity
Type
Ratings
Length
Year
Community
Subscriptions
Recent Discussions
Orange Saloon
Badges
Playlists
Quests
Create
Leaderboards
Showdown
Live 5
Trivia Bingo
Activity
Puzzle Library
Sporcle Events
Private Events
Virtual Trivia
Globe League
Become a Host
Pub Owners
SporcleCon
Opinionation
Our Games
Videos
Blog
Mobile Apps
Partnerships
Remove Ads and Go Orange
Feedback
Sports
Athletes
MLB
NBA
NHL
NFL
Soccer
Sports Teams
WWE
NCAA
Football
Premier League
Basketball
Baseball
Hockey
Golf
Tennis
Cricket
Rugby
Auto Racing
Olympics
World Cup
Sports
Athletes
MLB
NBA
NHL
NFL
Soccer
Sports Teams
WWE
NCAA
Football
Premier League
Basketball
Baseball
Hockey
Golf
Tennis
Cricket
Rugby
Auto Racing
Olympics
World Cup
Random Quiz
Search Sporcle
×
Quiz Lab
Quiz Lab
Sports
Type in answers that appear in a list
Type in answers that appear in a list
Classic
Best Score? Go Orange.
Ligue 1 Winners Stats
Can you name all the French Football champions since the creation of the league?
By
BelgianGuy
20m
81 Questions
271 Plays
271 Plays
271 Plays
Comments
Comments
Give Quiz Kudos
Give Quiz Kudos
-
- Ratings
hide this ad
More Info
Forced Order
Answers have to be entered in order
Answers have to be entered in order
Replay
Link that replays current quiz
Next Quiz
Link to next quiz in quiz playlist
You Got
0%
They Got
Avg Score
63%
Avg Friend Score
Upgrade to see
Score Distribution
Jump to the score distribution portion of the page
Score
0/81
Timer
20:00
0
Plays Today
Season
Club
% Correct
2018-
19
Paris Saint-Germain
98.2%
2016-
17
AS Monaco
96.4%
2017-
18
Paris Saint-Germain
96.4%
2013-
14
Paris Saint-Germain
95.2%
2014-
15
Paris Saint-Germain
95.2%
2012-
13
Paris Saint-Germain
94.7%
2015-
16
Paris Saint-Germain
94.6%
2006-
07
Olympique Lyonnais
89.7%
2004-
05
Olympique Lyonnais
89.3%
2005-
06
Olympique Lyonnais
89.3%
2003-
04
Olympique Lyonnais
88.9%
2007-
08
Olympique Lyonnais
88.9%
2011-
12
Montpellier HSC
88.8%
2002-
03
Olympique Lyonnais
88.6%
2001-
02
Olympique Lyonnais
87.1%
2009-
10
Olympique de Marseille
87.1%
2010-
11
Lille OSC
86%
2008-
09
Girondins de Bordeaux
84.1%
1992-
93*
Not Attributed
81.2%
2000-
01
FC Nantes
80.4%
1999-
00
AS Monaco
79.7%
1993-
94
Paris Saint-Germain
78.2%
1991-
92
Olympique de Marseille
76%
1996-
97
AS Monaco
76%
1998-
99
Girondins de Bordeaux
76%
1994-
95
FC Nantes
74.9%
1990-
91
Olympique de Marseille
74.5%
Season
Club
% Correct
1989-
90
Olympique de Marseille
74.2%
1997-
98
RC Lens
73.8%
1988-
89
Olympique de Marseille
73.1%
1995-
96
AJ Auxerre
70.1%
1975-
76
AS Saint-Étienne
68.6%
1987-
88
AS Monaco
68.6%
1973-
74
AS Saint-Étienne
68.3%
1974-
75
AS Saint-Étienne
68.3%
1985-
86
Paris Saint-Germain
67.2%
1986-
87
Girondins de Bordeaux
67.2%
1980-
81
AS Saint-Étienne
66.1%
1969-
70
AS Saint-Étienne
65.7%
1968-
69
AS Saint-Étienne
65.3%
1979-
80
FC Nantes
65.3%
1984-
85
Girondins de Bordeaux
65.3%
1983-
84
Girondins de Bordeaux
64.9%
1970-
71
Olympique de Marseille
64.2%
1976-
77
FC Nantes
64.2%
1957-
58
Stade de Reims
63.5%
1967-
68
AS Saint-Étienne
63.5%
1971-
72
Olympique de Marseille
63.5%
1972-
73
FC Nantes
63.5%
1982-
83
FC Nantes
63.5%
1954-
55
Stade de Reims
63.1%
1966-
67
AS Saint-Étienne
63.1%
1981-
82
AS Monaco
62.7%
1977-
78
AS Monaco
62.4%
Season
Club
% Correct
1959-
60
Stade de Reims
61.3%
1932-
33
Olympique Lillois
60.1%
1952-
53
Stade de Reims
60.1%
1961-
62
Stade de Reims
60.1%
1978-
79
RC Strasbourg
60.1%
1965-
66
FC Nantes
59.8%
1963-
64
AS Saint-Étienne
58.7%
1964-
65
FC Nantes
57.6%
1962-
63
AS Monaco
53.5%
1958-
59
OGC Nice
53.1%
1934-
35
FC Sochaux-Montbéliard
52.8%
1955-
56
OGC Nice
52.8%
1936-
37
Olympique de Marseille
52.4%
1945-
46
Lille OSC
52.4%
1937-
38
FC Sochaux-Montbéliard
52%
1948-
49
Stade de Reims
52%
1956-
57
AS Saint-Étienne
52%
1947-
48
Olympique de Marseille
51.7%
1960-
61
AS Monaco
51.7%
1950-
51
OGC Nice
50.6%
1953-
54
Lille OSC
50.6%
1951-
52
OGC Nice
49.8%
1949-
50
Girondins de Bordeaux
48.7%
1933-
34
FC Sète
46.1%
1935-
36
RCF Paris
44.6%
1946-
47
CO Roubaix-Tourcoing
41.7%
1938-
39
FC Sète
40.2%
Quiz Playlist
Details
Report
Send in Message
Add To Playlist
More Info:
* Not attributed for season 1992-93
Classic:
Type in answers that appear in a list
Forced Order:
Answers have to be entered in order
Quiz Source
Last Updated: Jun 21, 2019
Quiz Scoreboard
CHALLENGE
Sign Up to Join the Scoreboard
Show All
Scores
Hide
Comments
May contain spoilers
Recently Published
Movies - When Are They Set?
by FPL_Elf
Movies
5m
Popular People in 1961
by mucciniale
History
6m
1-10 Letter E Words III
by El_Dandy
Language
2m
More to Explore
Quiz From the Vault
Featured Blog Post
Where Did the Easter Bunny Come From?
hide this ad
You Might Also Like...
Tags
This quiz does not have any tags.
Today's Top Quizzes in Sports
Browse Sports
hide this ad
Top Contributed Quizzes in Sports
1
Les meilleurs buteurs des matchs entre le PSG et l’OM
2
FIFA Club World Cup Champions
3
Les entraîneurs de l'OM et du PSG au 21e siècle
4
2022 World Cup Stars
5
Name the Premier League winners with different clubs
6
La finale Lions - Afrique du Sud 2021
7
Criteria MLB: Left Handed Sluggers
8
Les joueurs passés par le LOSC et le RC Lens
9
Players with Multiple 50 Home Run Seasons
10
MLB Players with Two .350 Batting Average Seasons
Explore More
Trending Topics
Disney
Anime
Marvel
NBA
Kpop
Crossword
Harry Potter
Soccer
Song
Pokémon
The Office
WWE
Country
Puzzle
NFL
hide this ad
More By:
BelgianGuy
Quiz
Plays
Rating
Category
Featured
Created
Top XIs: FC Barcelona
13,330
4.88
Sports
Feb 13, 2015
Top XIs: Real Madrid
13,112
4.93
Sports
Jul 10, 2013
Top XIs: AC Milan
12,502
4.80
Sports
Feb 20, 2015
Top XIs: Internazionale
11,153
4.86
Sports
Feb 12, 2015
Top XIs: AS Roma
11,146
5.00
Sports
Feb 10, 2015
Go to Creator's Profile
Score Distribution
Quiz Creator Spotlight
BelgianGuy
Follow
Send a Message
Quizzes Created
-
Created Quiz Play Count
-
More By This Creator
Popular Quizzes Today
1
Find the Countries of Europe - No Outlines Minefield
2
Find the US States - No Outlines Minefield
3
The Countries of the World
4
Popular People in 1961
5
1-10 Letter E Words III
6
US States
7
Find the US States
8
One Thing in Common: World Cities II
More Sports Quizzes
Eredivisie Logos 2022/23
Curator's Pick
Trending Quizzes
Risky Map Clicking: Least Populous States A-Z
1-10 Letter F Words
Humor Books: The Subtitles
1-10 Letter G Words
One Thing in Common: United Kingdom
Recently Updated
Leaping Animals
pecheneg
Reality TV Shows (A-Z)
bhenderson79
Rickey Henderson's Hall of Fame Teammates
pecheneg
Champions League XIs: Arsenal
pecheneg
Quick Pick: Celebrities in WWE's Hall of Fame
aduchscher
A-Z Keypad Blitz II
pecheneg
Multiple Oscar Actors
pecheneg
Mystery Phrase Blitz: Oscar 'Best Actors'
pecheneg
F. Scott Fitzgerald Novels
LTH
Pick 3 Villains
ddd62291
Trending Topics
Marvel
NBA
Kpop
Crossword
Harry Potter
Anime
Disney
The Office
NFL
Soccer
Pokémon
WWE
Country
Song
Puzzle
Your Account Isn't Verified!
In order to create a playlist on Sporcle, you need to verify the email address you used during registration. Go to your
Sporcle Settings
to finish the process.
Report this User
Report this user for behavior that violates our
Community Guidelines
.
Details:
Send Report
Go to the Sporcle.com Mobile Site →
Comments